| 000 | 01083nmm a2200385 a 4500 | ||
|---|---|---|---|
| 003 | AR-BaBNM | ||
| 005 | 20251128210045.0 | ||
| 008 | 059019s1997 ||||||||||||||000 | spa|| | ||
| 020 | _a968-24-0043-0 | ||
| 040 | _cAR-BaBNM | ||
| 100 | 1 | _aPereira de Gómez, María Nieves | |
| 245 | 1 | 0 |
_aEducación en valores _bmetodología e innovación educativa |
| 250 | _a1ª ed. | ||
| 260 |
_aMéxico, D.F. _bTrillas _c1997 |
||
| 300 | 0 | _a183 p. | |
| 504 | _aContiene bibliografía al final de cada capítulo | ||
| 650 | 4 | _aFINALIDADES DE LA EDUCACION | |
| 650 | 4 | _aMETODOS PEDAGOGICOS | |
| 650 | 4 | _aMORAL | |
| 650 | 4 | _aPRIORIDADES EDUCACIONALES | |
| 650 | 4 | _aREFORMA DE LA EDUCACION | |
| 650 | 4 | _aVALORES | |
| 650 | 4 | _aETICA | |
| 650 | 4 | _aCURRICULO | |
| 650 | 4 | _aDIDACTICA | |
| 650 | 4 | _aROL DEL DOCENTE | |
| 650 | 4 | _aACTITUD DEL DOCENTE | |
| 650 | 4 | _aTECNICAS DE ENSENANZA | |
| 653 | 0 | _aEDUCACION EN VALORES | |
| 653 | 0 | _aTEMAS TRANSVERSALES | |
| 653 | 0 | _aTRANSFORMACION EDUCATIVA | |
| 653 | 0 | _aFORMACION DOCENTE CONTINUA | |
| 942 | _cBK | ||
| 998 | _cRaquel | ||
| 999 |
_c13838 _d13838 |
||